Las relaciones entre México y El Vaticano /

Ensayo sobre la organización externa de la iglesia católica en México y su posición frente al Estado, formulado a partir del análisis de las relaciones con El Vaticano durante los años 1821-1860.

Shranjeno v:
Bibliografske podrobnosti
Glavni avtor: Ramírez Cabañas, Joaquín (autor)
Format: Knjiga
Jezik:španščina
Izdaja:2a edición
Teme:
Oznake: Označite
Brez oznak, prvi označite!

MARC

LEADER 00000nam^a2200000^a^4500
001 000121197
005 20250521000000.0
009 20260310094419.894
037 |a Acervo ITESO - Biblioteca 
041 |a ESP 
082 |a 972. 04  |b RAM 
100 |a Ramírez Cabañas, Joaquín  |e (autor) 
245 1 4 |a Las relaciones entre México y El Vaticano /  |c J. Ramírez Cabañas. 
250 |a 2a edición 
264 |a México :  |b Secretaría de Relaciones Exteriores,  |c 1928 
300 |a 137 p. 
336 |a texto  |b txt  |2 rdacontenido 
337 |a sin mediación  |b n  |2 rdamedio 
338 |a volumen  |b nc  |2 rdasoporte 
520 |a Ensayo sobre la organización externa de la iglesia católica en México y su posición frente al Estado, formulado a partir del análisis de las relaciones con El Vaticano durante los años 1821-1860. 
649 |a XX 
650 |a Relaciones Internacionales -  |z México-Vaticano (Ciudad) 
650 |a Política Exterior -  |z México -  |x Historia -  |y Siglo XIX 
650 |a Iglesia y Estado -  |z México -  |x Historia -  |y Siglo XIX 
650 |a Política y Religión -  |z México -  |x Historia -  |y Siglo XIX 
650 |a Iglesia Católica en México -  |x Historia -  |y Siglo XIX 
650 |a Política -  |z México -  |x Historia -  |y Siglo XIX 
650 |a México -  |x Historia -  |y Siglo XIX 
910 |a Fondo Salvador Reynoso Reynoso 
920 |a Impresos - Libros 
930 |a Fondos Especiales 
905 |a 112 
901 |a 0800006019  |b IT2  |c ESP  |u 20250521 
902 |a https://opac.biblio.iteso.mx/vufind/Record/000121197